000 00592nam a2200217Ia 4500
003 OSt
005 20220923230852.0
006 a|||||r|||| 00| 0
007 ta
008 Pun
024 _a306,184
037 _cTextual
040 _aARTS
_cARTS
_bPun
041 _2Pun
_aPun
082 _aO44,1wJ03, 153H9
100 _aਪਦਮ, ਪਿਆਰਾ ਸਿੰਘ
245 0 _aਪ੍ਰਸਿੱਧ ਹਿੰਦੁਸਤਾਨੀ ਕਵੀ
260 _c1949
942 _hO44,1wJ03, 153H9
_cTEXL
_2CC
999 _c387971
_d387971